[Event "CAN-ch International"]
[Site "Longueuil"]
[Date "2019.10.12"]
[Round "3"]
[White "Bannon, Eric"]
[Black "Hua, Eugene"]
[Result "1/2-1/2"]
[WhiteElo "2183"]
[BlackElo "2339"]
[PlyCount "79"]
[EventDate "2019.10.11"]
[EventType "swiss"]
[EventRounds "5"]
[EventCountry "CAN"]
[SourceTitle "CBM 192 Extra"]
[Source "Chessbase"]
[SourceDate "2019.11.06"]
[SourceVersion "1"]
[SourceVersionDate "2019.11.06"]
[SourceQuality "1"]

1. e4 c5 2. Nf3 d6 3. c3 Nf6 4. Be2 g6 5. 0-0 Bg7 6. Re1 0-0 7. Bf1 Nc6 8. h3 e5 9. d4 cxd4 10. cxd4 exd4 11. Nxd4 d5 12. Nxc6 bxc6 13. Nc3 Nxe4 14. Nxe4 dxe4 15. Qa4 Bf5 16. g4 Be6 17. Rxe4 Bd5 18. Re2 Re8 19. Be3 Bf3 20. Rd2 Qc7 21. Qf4 Qxf4 22. Bxf4 Re4 23. Be3 Rb4 24. Bg2 Bxg2 25. Kxg2 Rxb2 26. Rxb2 Bxb2 27. Rb1 Be5 28. Rc1 Rc8 29. Bxa7 Ra8 30. Be3 Rxa2 31. Rxc6 Ra8 32. Rc2 Bg7 33. Rd2 Re8 34. Rc2 Rd8 35. Rd2 Rxd2 36. Bxd2 f5 37. gxf5 gxf5 38. Kf3 Kf7 39. Ba5 Kg6 40. Bc7 1/2-1/2

[Event "Montreal Varennes op"]
[Site "Montreal"]
[Date "2017.10.07"]
[Round "3"]
[White "Zheng, Richard"]
[Black "Bannon, Eric"]
[Result "1/2-1/2"]
[WhiteElo "1895"]
[BlackElo "2154"]
[PlyCount "114"]
[EventDate "2017.10.06"]
[EventType "swiss"]
[EventRounds "5"]
[EventCountry "CAN"]
[SourceTitle "CBM 181 Extra"]
[Source "ChessBase"]
[SourceDate "2017.12.12"]
[SourceVersion "1"]
[SourceVersionDate "2017.12.12"]
[SourceQuality "1"]

1. e4 c5 2. c4 Nc6 3. Nc3 g6 4. g3 Bg7 5. Bg2 e6 6. Nge2 Nge7 7. d3 0-0 8. 0-0 d6 9. Be3 Nd4 10. f4 f5 11. Bf2 Nec6 12. Nxd4 Nxd4 13. Ne2 Nxe2+ 14. Qxe2 Rb8 15. Rad1 b5 16. b3 Qc7 17. Kh1 Re8 18. Qd2 Ba6 19. Rfe1 Rbd8 20. Re2 fxe4 21. Rxe4 Bb7 22. Re2 Bxg2+ 23. Kxg2 Qc6+ 24. Kg1 bxc4 25. dxc4 d5 26. cxd5 Rxd5 27. Qc2 Red8 28. Rxd5 Rxd5 29. Rd2 Rxd2 30. Qxd2 Bd4 31. Bxd4 cxd4 32. Qxd4 Qc1+ 33. Kg2 Qc2+ 34. Qf2 Qe4+ 35. Kh3 a5 36. Qd2 Qf5+ 37. g4 Qb5 38. Qe3 Kf7 39. Kg3 h5 40. h3 Qd5 41. a3 hxg4 42. hxg4 Qb5 43. g5 Qf1 44. Qd2 Qg1+ 45. Kf3 Qf1+ 46. Ke4 Qb1+ 47. Ke5 Qa1+ 48. Qd4 Qxa3 49. Qd7+ Qe7 50. Qxe7+ Kxe7 51. Ke4 Kd7 52. Kd3 Kc7 53. Kc3 Kd7 54. Kd3 Kc7 55. Ke3 Kc6 56. Ke4 Kd7 57. Kd3 Kc7 1/2-1/2

[Event "Montreal Varennes op"]
[Site "Montreal"]
[Date "2017.10.06"]
[Round "1"]
[White "Saine, Zachary"]
[Black "Bannon, Eric"]
[Result "0-1"]
[WhiteElo "1812"]
[BlackElo "2154"]
[PlyCount "78"]
[EventDate "2017.10.06"]
[EventType "swiss"]
[EventRounds "5"]
[EventCountry "CAN"]
[SourceTitle "CBM 181 Extra"]
[Source "ChessBase"]
[SourceDate "2017.12.12"]
[SourceVersion "1"]
[SourceVersionDate "2017.12.12"]
[SourceQuality "1"]

1. e4 c5 2. Nf3 e6 3. d4 cxd4 4. Nxd4 Nc6 5. Be3 Qc7 6. Bd3 Nf6 7. c3 d5 8. Nxc6 bxc6 9. Nd2 Bd6 10. h3 0-0 11. 0-0 Bh2+ 12. Kh1 Bf4 13. Qf3 Bxe3 14. Qxe3 Qb6 15. b4 Qxe3 16. fxe3 Rd8 17. Rfd1 Bb7 18. Nb3 dxe4 19. Bf1 Nd5 20. Nc5 Rdb8 21. c4 Nxe3 22. Rd7 a5 23. Rxb7 Rxb7 24. Nxb7 axb4 25. Nc5 f5 26. Nxe6 b3 27. a4 b2 28. Rb1 Rxa4 29. Rxb2 Ra1 30. Rb7 Nxf1 31. Rxg7+ Kh8 32. Rc7 h5 33. Kg1 e3 34. Rc8+ Kh7 35. Ng5+ Kg7 36. h4 Ng3+ 37. Kh2 f4 38. Rc7+ Kg6 39. Rxc6+ Kf5 0-1

[Event "Guelph Fall Pro-Am"]
[Site "Guelph"]
[Date "2006.11.05"]
[Round "5"]
[White "Bannon, Eric"]
[Black "Upper, John"]
[Result "1-0"]
[WhiteElo "2087"]
[BlackElo "2054"]
[PlyCount "70"]
[EventDate "2006.11.??"]
[EventType "swiss"]
[EventRounds "5"]
[EventCountry "CAN"]
[SourceTitle "EXT 2022"]
[Source "ChessBase"]
[SourceDate "2021.10.06"]
[SourceVersion "1"]
[SourceVersionDate "2021.10.06"]
[SourceQuality "1"]

1. e4 e6 2. d4 d5 3. Nc3 Nf6 4. e5 Nfd7 5. f4 c5 6. Nf3 Nc6 7. Be3 cxd4 8. Nxd4 Bc5 9. Qd2 a6 10. 0-0-0 Nxd4 11. Bxd4 b5 12. Bxc5 Nxc5 13. Bd3 0-0 14. Qf2 Qc7 15. Qh4 f5 16. g4 Bd7 17. gxf5 Nxd3+ 18. Rxd3 Rxf5 19. Rh3 h5 20. Rg1 Raf8 21. Rhg3 R8f7 22. Ne2 Qb6 23. Qh3 Kf8 24. Qg2 b4 25. Rxg7 Qxg1+ 26. Qxg1 Rxg7 27. Qc5+ Kg8 28. Qxb4 h4 29. Qb8+ Rf8 30. Qd6 Bc8 31. Kd1 Rg2 32. Qc5 Bd7 33. Qe7 Bb5 34. Qxe6+ Kg7 35. Nd4 Rxf4 1-0

[Event "Montreal Le Bolduc"]
[Site "Montreal"]
[Date "2003.04.08"]
[Round "9"]
[White "Rousseau, Daniel"]
[Black "Bannon, Eric"]
[Result "0-1"]
[WhiteElo "2071"]
[BlackElo "2199"]
[PlyCount "120"]
[EventDate "2003.??.??"]
[EventType "tourn"]
[EventRounds "9"]
[EventCountry "CAN"]
[SourceTitle "EXT 2005"]
[Source "ChessBase"]
[SourceDate "2004.11.15"]
[SourceVersion "1"]
[SourceVersionDate "2004.11.15"]
[SourceQuality "1"]

1. e4 c5 2. Nf3 e6 3. d4 cxd4 4. Nxd4 a6 5. Bd3 Qc7 6. 0-0 Nf6 7. Nc3 Nc6 8. Nb3 b5 9. Be3 d6 10. Qe2 Be7 11. f4 Bb7 12. Rae1 Nb4 13. Rc1 d5 14. e5 Ne4 15. Bxe4 dxe4 16. a4 Nd5 17. Nxd5 Bxd5 18. Rfd1 0-0 19. axb5 Bc4 20. Qg4 axb5 21. Nd4 Bc5 22. b3 Bd5 23. Kh1 Bxd4 24. Rxd4 Qc3 25. Qe2 Rfc8 26. Rdd1 Ra2 27. Bd2 Rxc2 28. Bxc3 Rxe2 29. Bb4 Rxc1 30. Rxc1 h5 31. Kg1 Bxb3 32. Re1 Rc2 33. Re3 Bd5 34. g3 Rc4 35. Be1 b4 36. Re2 b3 37. Kf2 Rc1 38. Bb4 f6 39. exf6 gxf6 40. Ba3 Rc6 41. Bb2 f5 42. Ke3 Bc4 43. Rd2 Bd3 44. Rf2 Ra6 45. Kd4 Rc6 46. Ke3 Kf7 47. Be5 Ke7 48. Kd2 Kd7 49. Ke3 Rc4 50. Rd2 Kc6 51. Bb2 Ra4 52. Be5 Kb5 53. Rb2 Bc2 54. Bf6 Ra7 55. Kd4 Kc6 56. Be5 Rd7+ 57. Ke3 Rd1 58. Kf2 Kd5 59. Bc3 Kc4 60. Be5 Kd3 0-1

[Event "Mauricie-ch"]
[Site "Shawinigan"]
[Date "2003.03.23"]
[Round "4"]
[White "Bannon, Eric"]
[Black "Miron, Francois"]
[Result "1-0"]
[WhiteElo "2176"]
[BlackElo "2045"]
[PlyCount "47"]
[EventDate "2003.03.21"]
[EventType "swiss"]
[EventRounds "5"]
[EventCountry "CAN"]
[SourceTitle "EXT 2022"]
[Source "ChessBase"]
[SourceDate "2021.10.06"]
[SourceVersion "1"]
[SourceVersionDate "2021.10.06"]
[SourceQuality "1"]

1. e4 g6 2. d4 Bg7 3. Nc3 d6 4. Bc4 Nc6 5. Be3 e5 6. Nge2 Nf6 7. f3 0-0 8. Bb3 a6 9. d5 Ne7 10. Qd2 Ne8 11. 0-0 f5 12. f4 Nf6 13. fxe5 Nxe4 14. Nxe4 fxe4 15. Rxf8+ Qxf8 16. Rf1 Qe8 17. e6 Nf5 18. Nc3 c5 19. Nxe4 Nxe3 20. Qxe3 Bd4 21. Qxd4 cxd4 22. Nf6+ Kf8 23. Nxe8+ Kxe8 24. Rf7 1-0

[Event "Mauricie-ch"]
[Site "Shawinigan"]
[Date "2003.03.21"]
[Round "1"]
[White "Brousseau, Yvan"]
[Black "Bannon, Eric"]
[Result "0-1"]
[WhiteElo "2015"]
[BlackElo "2176"]
[PlyCount "88"]
[EventDate "2003.03.21"]
[EventType "swiss"]
[EventRounds "5"]
[EventCountry "CAN"]
[SourceTitle "EXT 2022"]
[Source "ChessBase"]
[SourceDate "2021.10.06"]
[SourceVersion "1"]
[SourceVersionDate "2021.10.06"]
[SourceQuality "1"]

1. Nf3 Nf6 2. g3 g6 3. Bg2 Bg7 4. 0-0 0-0 5. d3 d5 6. Nbd2 c5 7. e4 Nc6 8. c3 Qc7 9. Re1 dxe4 10. dxe4 e5 11. Qc2 h6 12. a4 Be6 13. b4 Nd7 14. b5 Na5 15. c4 Rfd8 16. Bb2 f6 17. Nh4 Nf8 18. Bf1 Bf7 19. Ng2 Ne6 20. Ne3 Nd4 21. Qc3 b6 22. Nd5 Qd6 23. Qd3 h5 24. Rab1 Bh6 25. Bc3 Bxd2 26. Bxd2 Nxc4 27. Bc3 Na5 28. Bxa5 bxa5 29. Qc3 Bxd5 30. exd5 Kg7 31. Bc4 Qd7 32. Re3 Qf5 33. Rc1 Rac8 34. Qxa5 Rd7 35. Kg2 h4 36. Qc3 Qg5 37. h3 Nf5 38. Rd3 e4 39. f4 Qh6 40. Rdd1 hxg3 41. Rf1 Rh8 42. h4 Qxh4 43. Rh1 Qxf4 44. Rxh8 Ne3+ 0-1

[Event "Quebec Carnaval op"]
[Site "Quebec"]
[Date "2003.02.16"]
[Round "4"]
[White "Boudreau, Daniel"]
[Black "Bannon, Eric"]
[Result "0-1"]
[WhiteElo "2050"]
[BlackElo "2158"]
[PlyCount "78"]
[EventDate "2003.02.??"]
[EventType "swiss"]
[EventRounds "5"]
[EventCountry "CAN"]
[SourceTitle "EXT 2006"]
[Source "ChessBase"]
[SourceDate "2005.11.24"]
[SourceVersion "1"]
[SourceVersionDate "2005.11.24"]
[SourceQuality "1"]

1. e4 c5 2. Nc3 Nc6 3. g3 g6 4. Bg2 Bg7 5. d3 d6 6. Be3 Nf6 7. h3 0-0 8. Qd2 Rb8 9. Bh6 b5 10. Bxg7 Kxg7 11. Nge2 b4 12. Nd5 e6 13. Nxf6 Qxf6 14. c3 bxc3 15. bxc3 Ba6 16. 0-0 Ne5 17. Nc1 Nf3+ 18. Bxf3 Qxf3 19. Re1 f5 20. Qe2 fxe4 21. Qxf3 Rxf3 22. Rxe4 Rb2 23. Rf4 Rxf4 24. gxf4 Kf6 25. Kg2 h5 26. Kf3 Kf5 27. Ke3 c4 28. d4 h4 29. Ne2 Bb7 30. Rg1 Rxa2 31. Rg5+ Kf6 32. Rg4 a5 33. Rxh4 a4 34. Rh7 Rb2 35. Rc7 a3 36. Nc1 Rc2 37. Na2 Rxa2 38. Rxb7 Rc2 39. Ra7 Rxc3+ 0-1

[Event "Canadian op"]
[Site "Montreal"]
[Date "2002.07.17"]
[Round "6"]
[White "Morin, Louis"]
[Black "Bannon, Eric"]
[Result "1-0"]
[WhiteElo "1864"]
[BlackElo "2199"]
[PlyCount "79"]
[EventDate "2002.07.13"]
[EventType "swiss"]
[EventRounds "10"]
[EventCountry "CAN"]
[SourceTitle "EXT 2022"]
[Source "ChessBase"]
[SourceDate "2021.10.06"]
[SourceVersion "1"]
[SourceVersionDate "2021.10.06"]
[SourceQuality "1"]

1. e4 c5 2. d4 cxd4 3. c3 dxc3 4. Nxc3 Nc6 5. Nf3 e6 6. Bc4 Qc7 7. Qe2 Nf6 8. h3 d6 9. 0-0 Be7 10. Bf4 a6 11. Rac1 Bd7 12. Bb3 0-0 13. Nd5 Qd8 14. Nxe7+ Qxe7 15. Rfd1 e5 16. Bg5 Rfd8 17. Bd5 h6 18. Be3 Rdc8 19. Qd2 Ne8 20. Bb6 Be6 21. a3 Qd7 22. Bxc6 Rxc6 23. Be3 Rac8 24. Rxc6 Qxc6 25. Qd3 Qc2 26. Qxc2 Rxc2 27. Rd2 Rc4 28. Bb6 Rxe4 29. Ba5 f6 30. Bb4 d5 31. Rc2 Rf4 32. Bd2 Rc4 33. Rxc4 dxc4 34. Bb4 Bd5 35. Ne1 Nc7 36. Nc2 b6 37. Ne3 Be6 38. Bd6 Nb5 39. Bb8 c3 40. bxc3 1-0

[Event "Canadian op"]
[Site "Montreal"]
[Date "2002.07.14"]
[Round "2"]
[White "Luksza, Arkadiusz"]
[Black "Bannon, Eric"]
[Result "0-1"]
[WhiteElo "2069"]
[BlackElo "2199"]
[PlyCount "52"]
[EventDate "2002.07.13"]
[EventType "swiss"]
[EventRounds "10"]
[EventCountry "CAN"]
[SourceTitle "CBM 089 Extra"]
[Source "ChessBase"]
[SourceDate "2002.09.10"]
[SourceVersion "2"]
[SourceVersionDate "2002.09.10"]
[SourceQuality "1"]

1. c4 e5 2. Nc3 Nf6 3. g3 g6 4. Bg2 Bg7 5. Nf3 d6 6. d4 exd4 7. Nxd4 0-0 8. 0-0 c6 9. Bf4 Nh5 10. Be3 Nd7 11. Nf3 Qe7 12. Qd2 Ne5 13. Nxe5 Qxe5 14. Rac1 f5 15. Rfd1 Rd8 16. Bf3 Nf6 17. Bf4 Qe6 18. Bg5 Bf8 19. Re1 Re8 20. e4 Qf7 21. Qd4 Ng4 22. exf5 Ne5 23. Bg2 Bxf5 24. b3 Nd3 25. Rxe8 Rxe8 26. Nd5 Bg7 0-1

[Event "Montreal op 06"]
[Site "Montreal"]
[Date "2002.06.08"]
[Round "3"]
[White "Bannon, Eric"]
[Black "Duong, Thanh Nha"]
[Result "0-1"]
[WhiteElo "2202"]
[BlackElo "2351"]
[PlyCount "52"]
[EventDate "2002.06.07"]
[EventType "swiss"]
[EventRounds "5"]
[EventCountry "CAN"]
[SourceTitle "EXT 2009"]
[Source "ChessBase"]
[SourceDate "2008.11.26"]
[SourceVersion "1"]
[SourceVersionDate "2008.11.26"]
[SourceQuality "1"]

1. e4 c6 2. d4 d5 3. Nc3 dxe4 4. Nxe4 Nf6 5. Nxf6+ gxf6 6. c3 Bf5 7. Ne2 Nd7 8. Ng3 Bg6 9. f4 f5 10. Bc4 e6 11. 0-0 Nb6 12. Bb3 h5 13. Re1 h4 14. Nf1 Qc7 15. c4 0-0-0 16. Be3 Bb4 17. Nd2 c5 18. dxc5 Bxc5 19. Qe2 h3 20. g3 Bh5 21. Qf2 Bxe3 22. Rxe3 Nd7 23. Bc2 Nf6 24. Rd3 Rxd3 25. Bxd3 Rd8 26. Bf1 Ng4 0-1

[Event "Quebec Carnaval op"]
[Site "Quebec"]
[Date "2002.02.10"]
[Round "4"]
[White "Lawson, Eric"]
[Black "Bannon, Eric"]
[Result "1-0"]
[WhiteElo "2133"]
[BlackElo "2221"]
[PlyCount "57"]
[EventDate "2002.02.??"]
[EventType "swiss"]
[EventRounds "5"]
[EventCountry "CAN"]
[SourceTitle "EXT 2006"]
[Source "ChessBase"]
[SourceDate "2005.11.24"]
[SourceVersion "1"]
[SourceVersionDate "2005.11.24"]
[SourceQuality "1"]

1. d4 Nf6 2. Bg5 Ne4 3. Bf4 d5 4. f3 Nf6 5. e4 e6 6. e5 Nfd7 7. Be3 c5 8. c3 Nc6 9. f4 Qb6 10. Qd2 Qa5 11. Nf3 cxd4 12. cxd4 Nb6 13. Nc3 Bd7 14. Rc1 Rc8 15. Kf2 Bb4 16. a3 Bxc3 17. Rxc3 Na4 18. Rc2 0-0 19. b4 Qd8 20. Bd3 a6 21. Rhc1 b5 22. Qe2 g6 23. Kg1 Nb6 24. f5 exf5 25. Qf2 f6 26. e6 Be8 27. Bh6 Nc4 28. Re1 Nd6 29. Rxc6 1-0

[Event "Quebec-ch qual 1"]
[Site "Montreal"]
[Date "2001.04.29"]
[Round "4"]
[White "Nuschke, Alex"]
[Black "Bannon, Eric"]
[Result "0-1"]
[WhiteElo "1676"]
[BlackElo "1989"]
[PlyCount "60"]
[EventDate "2001.04.27"]
[EventType "swiss"]
[EventRounds "5"]
[EventCountry "CAN"]
[SourceTitle "EXT 2022"]
[Source "ChessBase"]
[SourceDate "2021.10.06"]
[SourceVersion "1"]
[SourceVersionDate "2021.10.06"]
[SourceQuality "1"]

1. e4 c5 2. Nf3 Nc6 3. Bb5 e6 4. 0-0 Nge7 5. d4 cxd4 6. Nxd4 Ng6 7. Nxc6 bxc6 8. Bd3 Be7 9. Qh5 d6 10. f4 Ba6 11. Be3 Bxd3 12. cxd3 Bf6 13. Nc3 Rb8 14. f5 exf5 15. Qxf5 0-0 16. Rab1 Rb7 17. Rfc1 Ne5 18. d4 Nc4 19. Qf2 Nxe3 20. Qxe3 Bg5 21. Qf2 Bxc1 22. Rxc1 Qa5 23. Nd1 f5 24. Rxc6 fxe4 25. Qe2 Rbf7 26. Ne3 Rf2 27. Qxf2 Rxf2 28. Kxf2 Qd2+ 29. Kf1 Qxe3 30. Rxd6 Qf4+ 0-1

[Event "Laval XVIII"]
[Site "Laval"]
[Date "2001.04.22"]
[Round "5"]
[White "Bannon, Eric"]
[Black "Bolduc, Steve"]
[Result "1/2-1/2"]
[WhiteElo "1980"]
[BlackElo "2197"]
[PlyCount "38"]
[EventDate "2001.04.20"]
[EventType "swiss"]
[EventRounds "5"]
[EventCountry "CAN"]
[SourceTitle "EXT 2022"]
[Source "ChessBase"]
[SourceDate "2021.10.06"]
[SourceVersion "1"]
[SourceVersionDate "2021.10.06"]
[SourceQuality "1"]

1. e4 c6 2. d4 d5 3. Nc3 dxe4 4. Nxe4 Nd7 5. Bd3 Ngf6 6. Ng5 e6 7. Qe2 Bd6 8. N1f3 0-0 9. Nxe6 Bb4+ 10. c3 Bxc3+ 11. bxc3 fxe6 12. Qxe6+ Kh8 13. Ng5 Nc5 14. Qc4 Nxd3+ 15. Qxd3 Qd5 16. 0-0 Bf5 17. Qd1 h6 18. Nf3 Bg4 19. Qd3 Bxf3 1/2-1/2

[Event "Quebec Carnaval op"]
[Site "Quebec"]
[Date "2001.02.11"]
[Round "5"]
[White "Bannon, Eric"]
[Black "Beaulieu, Eric"]
[Result "0-1"]
[WhiteElo "2028"]
[BlackElo "2207"]
[PlyCount "48"]
[EventDate "2001.02.??"]
[EventType "swiss"]
[EventRounds "5"]
[EventCountry "CAN"]
[SourceTitle "EXT 2005"]
[Source "ChessBase"]
[SourceDate "2004.11.15"]
[SourceVersion "1"]
[SourceVersionDate "2004.11.15"]
[SourceQuality "1"]

1. e4 c5 2. Nf3 e6 3. d4 cxd4 4. Nxd4 a6 5. Nc3 Qc7 6. Be2 Nf6 7. 0-0 Nc6 8. a4 h5 9. Nxc6 bxc6 10. f4 Bc5+ 11. Kh1 d6 12. Bf3 e5 13. fxe5 dxe5 14. a5 Ng4 15. Bxg4 hxg4 16. g3 Rb8 17. Qe2 Rb4 18. Nd1 Be6 19. c3 Rxe4 20. Qxe4 Bd5 21. Re1 Bxe4+ 22. Rxe4 Qd6 23. Ne3 f5 24. Rea4 Qd3 0-1

[Event "Quebec-ch Intercoll"]
[Site "Joliette"]
[Date "1995.04.14"]
[Round "2"]
[White "Charest, Johanne"]
[Black "Bannon, Eric"]
[Result "1/2-1/2"]
[WhiteElo "1785"]
[BlackElo "1991"]
[PlyCount "82"]
[EventDate "1995.04.14"]
[EventType "swiss"]
[EventRounds "6"]
[EventCountry "CAN"]
[SourceTitle "EXT 2022"]
[Source "ChessBase"]
[SourceDate "2021.10.06"]
[SourceVersion "1"]
[SourceVersionDate "2021.10.06"]
[SourceQuality "1"]

1. e4 c5 2. Nc3 Nc6 3. g3 d6 4. Bg2 g6 5. d3 Bg7 6. Be3 e6 7. Qd2 Rb8 8. h4 b5 9. h5 b4 10. Nd1 Ne5 11. f3 a5 12. Ne2 Ba6 13. Nf2 Nc6 14. Rb1 a4 15. hxg6 hxg6 16. Rxh8 Bxh8 17. Ng4 a3 18. bxa3 bxa3 19. Rb3 Rxb3 20. cxb3 Nb4 21. Nc1 Bb2 22. Bf1 Bxc1 23. Qxc1 Bxd3 24. Qc3 Bxf1 25. Kxf1 e5 26. Qc4 Qb6 27. Bc1 Qa5 28. Bd2 Qa6 29. Ne3 Qxc4+ 30. Nxc4 Kd7 31. Nxa3 Nxa2 32. Ke2 Ne7 33. Kd3 Nc6 34. Nc2 f5 35. Kc4 Ke6 36. g4 fxg4 37. fxg4 Nd4 38. Ne3 Nf3 39. Ba5 Nc1 40. Nd5 Nh2 41. Ne3 Nf3 1/2-1/2

[Event "Montreal op"]
[Site "Montreal"]
[Date "1994.09.05"]
[Round "4"]
[White "Bannon, Eric"]
[Black "Cossette, Daniel"]
[Result "1-0"]
[WhiteElo "1904"]
[BlackElo "2028"]
[PlyCount "71"]
[EventDate "1994.09.03"]
[EventType "swiss"]
[EventRounds "5"]
[EventCountry "CAN"]
[SourceTitle "EXT 2022"]
[Source "ChessBase"]
[SourceDate "2021.10.06"]
[SourceVersion "1"]
[SourceVersionDate "2021.10.06"]
[SourceQuality "1"]

1. e4 c5 2. Nf3 Nc6 3. d4 cxd4 4. Nxd4 g6 5. Nc3 Bg7 6. Be3 Nf6 7. Bc4 0-0 8. Bb3 Qa5 9. f3 b6 10. Qd2 Ba6 11. Nxc6 dxc6 12. 0-0-0 b5 13. Qf2 Qc7 14. Bd4 Rfd8 15. h4 h5 16. g4 Rxd4 17. Qxd4 Nxg4 18. Qd7 Qf4+ 19. Kb1 Ne5 20. Qxe7 Bf8 21. Qc7 b4 22. Na4 Qf6 23. f4 Qxf4 24. Bxf7+ Qxf7 25. Qxe5 Re8 26. Qd4 Bb5 27. Nc5 a5 28. Rhg1 Bg7 29. Qd6 Kh7 30. Rd2 Rf8 31. Ne6 Bh6 32. Nxf8+ Bxf8 33. Qg3 Bg7 34. Rdg2 c5 35. Qxg6+ Qxg6 36. Rxg6 1-0

[Event "Quebec-ch Intercoll"]
[Site "Longueuil"]
[Date "1994.04.02"]
[Round "4"]
[White "Bannon, Eric"]
[Black "Beaulieu, Eric"]
[Result "1-0"]
[WhiteElo "1643"]
[BlackElo "1901"]
[PlyCount "31"]
[EventDate "1994.04.01"]
[EventType "swiss"]
[EventRounds "6"]
[EventCountry "CAN"]
[SourceTitle "EXT 2022"]
[Source "ChessBase"]
[SourceDate "2021.10.06"]
[SourceVersion "1"]
[SourceVersionDate "2021.10.06"]
[SourceQuality "1"]

1. e4 c5 2. Nf3 Nc6 3. d4 cxd4 4. Nxd4 Nf6 5. Nc3 e6 6. Be3 d6 7. Be2 Be7 8. 0-0 Qc7 9. f4 a6 10. Qe1 Nxd4 11. Bxd4 e5 12. fxe5 dxe5 13. Qg3 Be6 14. Bxe5 Qc5+ 15. Kh1 0-0 16. Rxf6 1-0

[Event "Quebec-ch Intercoll"]
[Site "Longueuil"]
[Date "1994.04.02"]
[Round "3"]
[White "Dugas, Jean Francois"]
[Black "Bannon, Eric"]
[Result "0-1"]
[WhiteElo "1419"]
[BlackElo "1643"]
[PlyCount "60"]
[EventDate "1994.04.01"]
[EventType "swiss"]
[EventRounds "6"]
[EventCountry "CAN"]
[SourceTitle "EXT 2022"]
[Source "ChessBase"]
[SourceDate "2021.10.06"]
[SourceVersion "1"]
[SourceVersionDate "2021.10.06"]
[SourceQuality "1"]

1. d4 Nf6 2. Nf3 c5 3. e3 e6 4. c4 d5 5. cxd5 exd5 6. dxc5 Bxc5 7. Nc3 0-0 8. Bd3 Bg4 9. Qc2 Nc6 10. a3 Rc8 11. Bf5 Bxf5 12. Qxf5 Re8 13. 0-0 Ne7 14. Qd3 Bd6 15. Rd1 a6 16. b4 Ng6 17. Nxd5 Ne5 18. Nxf6+ Qxf6 19. Qxd6 Nxf3+ 20. gxf3 Qxa1 21. Qd2 Qf6 22. Bb2 Qg5+ 23. Kf1 Red8 24. Qe2 Qh4 25. Be5 Qh3+ 26. Kg1 h5 27. Kh1 Rxd1+ 28. Qxd1 Rc6 29. Bxg7 Rg6 30. Qd8+ Kxg7 0-1